000 01005agaaa2200265 4500
001 0541
003 IT-RoPAU
005 20220918181304.0
007 d cvaizq
008 50131s9999||||xx ||| | || ||und||
040 _aIT-RoPAU
_cIT-RoPAU
041 _aITALIANO
100 _aAA.VV.
_gCodice regista SPICS: 12000
_954072
130 _aINTERVISTA A PILATO
_954073
245 _aINTERVISTA A PILATO
_cDiretto da: AA.VV.
_pINTERVISTA A PILATO (Rif. Codice opera principale : V0541)
250 _aEdizione Standard
260 _a(USA)
_bPAULIST PRODUCTIONS / Distribuzione: SPF FIRENZE
_g"1978 (1° ed.: 1993 ; Ed. Lingua Orig.: 1978)"
300 _a16MM
_bsonoro, col.
_c30 minuti
520 _aUN GIORNALISTA TELEVISIVO INTERVISTA L'UOMO CHE SENTENZIO' LA CROCIFISSIONE DI GESU'.
538 _aMONO
546 _aITALIANO
650 _aCATECHISTICO
_ePELLICOLE [16MM]
_xCodice MATERIA SPICS: 9956
_946266
700 _aAA.VV.
_e(regista/i)
_gCodice regista SPICS: 12000
_954072
942 _cMM
_2ddc
999 _c107944
_d107944